000 00651ntaaa2200205 4500
003 01
005 20251027203043.0
008 0714s1973 ag 01
020 _a0881131660
040 _aAR-BaBN
_bspa
_cAR-BaBN
_eaacr
_dRIC
082 _a264.1000 W12i
100 _aWagner, C. Peter
_96959
245 _aIglesias que oran
250 _a1 ed.
260 _aNashville :
_bCaribe :
_bBetania,
_c1995
300 _a245 p ;
_c20 cm
500 _aContiene referencia bibliográficas e Indice temático. Cómo la oración puede revitalizar su congregación y derribar las paredes que la separan de su comunidad
650 _aOracion
_91331
942 _cBK
999 _c25893
_d25893